000 01309nam a2200217Ia 4500
003 Ost
005 20260507075804.0
008 260507s9999||||xx |||||||||||||| ||und||
040 _cfsecg
041 _aara
082 _a658.8
100 _aبازرعة، محمود صادق
_eمؤلف
245 0 _a بحوث التسويق (ك6) /
_c محمود صادق بازرعة
260 _aالقاهرة :
_bمطبعة مركز التعليم المفتوح,
_c1994
300 _a286 صفحة؛
_bإيضاحات ؛
_c24 سم
504 _aمراجع ص.283 ملاحق ص.288
520 _aما هي البحوث التسويقية ، الجوانب التنظيمية لبحوث التسويق ، مراكز بحوث التسويق ، خطوات البحث التسويقي ، أنواع بحوث التسويق ، البحوث التجريبية ، البيانات الثانوية ، البيانات الأولية ، اعداد قوائم الأسئلة ، العينات ، تخطيط و تنفيذ العمل الميداني ، جدولة البيانات (1) ، تحليل البيانات (2) ، التقرير النهائي ، بعض الجالات التطبيقية لبحوث التسويق .
653 _aالتسويق
653 _aتحليل البيانات
942 _cكتاب
999 _c46363
_d46363